Autocad 2008 : (Registro nro. 9876)
[ vista simple ]
| 000 -LEADER | |
|---|---|
| Campo de control de longitud fija | 01879nam a22002657a 4500 |
| 003 - IDENTIFICADOR DEL NÚMERO DE CONTROL | |
| Campo de control | PE SENCICO BE |
| 005 - FECHA Y HORA DE LA ÚLTIMA TRANSACCIÓN | |
| Campo de control | 20260416185536.0 |
| 008 - ELEMENTOS DE LONGITUD FIJA - INFORMACIÓN GENERAL | |
| Campo de control de longitud fija | 260416b |||||||| |||| 00| 0 eng d |
| 020 ## - ISBN | |
| ISBN | 978-603-4005-07-5 |
| 040 ## - FUENTE DE CATALOGACIÓN | |
| Origen de catalogación | PE SENCICO BE |
| Agencia que realiza la transcripción | PE SENCICO BE |
| 041 ## - CÓDIGO DE IDIOMA | |
| Idioma del texto | spa |
| 082 ## - NÚMERO DE CLASIFICACIÓN DECIMAL DEWEY | |
| Código de Clasificación Dewey | 005.36A |
| Notación Interna | G26 |
| 100 1# - ASIENTO PRINCIPAL--NOMBRE PERSONAL | |
| Autor Personal | Garcia Corzo, Juan Carlos |
| 9 (RLIN) | 635 |
| Término relacionado | autor |
| 245 1# - MENCIÓN DEL TITULO | |
| Título | Autocad 2008 : |
| Subtítulo | para ingenieros y arquitectos / |
| Mención de responsabilidad | Juan Carlos Garcia Corzo |
| 250 ## - MENCIÓN DE EDICIÓN | |
| Edición | 1a ed. |
| 260 ## - PUBLICACIÓN, DISTRIBUCIÓN, ETC. (PIE DE IMPRENTA) | |
| Lugar de publicación, distribución, etc. | Lima : |
| Nombre de la Editorial, Distribuidor, etc. | Grupo Editorial Megabyte SAC ; |
| Fecha de publicación, distribución, etc. | 2007 |
| 300 ## - DESCRIPCIÓN FÍSICA | |
| Paginación | 927 paginas : |
| Otros detalles físicos | gráficos ; |
| Dimensión | 21.5 cm. |
| 505 0# - NOTA DE CONTENIDO CON FORMATO PREESTABLECIDOE | |
| Contenido o índice | Inicio con AutoCAD – Sistemas de coordinadas y comandos de ayuda – Edición de entidades – Visualización de AutoCAD -- Control de capas, colores, tipos de línea, grosor de línea y propiedades – Creación de tablas – Presentaciones – Configuración workspace – Administrador de conjuntos – Entorno 3D autocad – 3D operaciones – Edición de sólidos – Superficies simples y complejas – Barra 3D navigation – Representación de objetos en 3 dimensiones – Animación – Talleres y proyectos. |
| 520 3# - NOTA DE RESUMEN, ETC. | |
| Resumen, etc. | Explica las funciones de Autocad 2008, que aumentan la velocidad y la precisión del trabajo, y a la vez ahorran tiempo. Este manual describe las funciones que aumentan la productividad, principalmente para aquellas personas que realicen actividades relacionadas con el diseño o empleen herramientas CAD. Incluye ejercicios y ejemplos a partir de diferentes aplicaciones mecánica, ingeniería, topografía, obras civiles, electrónica, construcción, diseño, etc., complementando la formación de los profesionales de arquitectura e ingeniería |
| 650 10 - ASIENTO SECUNDARIO DE MATERIA - TERMINO TEMÁTICO | |
| Término de tema o elemento de entrada de nombre geográfico | AutoCad (Programa para computadora) |
| 9 (RLIN) | 422 |
| 650 20 - ASIENTO SECUNDARIO DE MATERIA - TERMINO TEMÁTICO | |
| Término de tema o elemento de entrada de nombre geográfico | Gráficos por computadora |
| 9 (RLIN) | 423 |
| 650 20 - ASIENTO SECUNDARIO DE MATERIA - TERMINO TEMÁTICO | |
| Término de tema o elemento de entrada de nombre geográfico | Sistemas constructivos |
| 9 (RLIN) | 587 |
| 910 ## - RESPONSABLE DEL REGISTRO | |
| Coordinador de procesamiento de la información | hfp |
| 942 ## - ELEMENTOS DE KOHA | |
| Fuente de clasificación o esquema de estanterías | Dewey Decimal Classification |
| Tipo de documento | Libros |
| 999 ## - | |
| -- | 9876 |
| -- | 9876 |
| Estado Retiro | Estado Perdido | Sistema de Clasificación o Esquema de Estantería | Estado Dañado | No es para préstamo | Ubicación Permanente | Ubicación Actual | Fecha de adquisición | Total Checkouts | Signatura topográfica completa | Código de Barras | Date last seen | Precio efectivo desde | Tipo de ítem |
|---|---|---|---|---|---|---|---|---|---|---|---|---|---|
| Dewey Decimal Classification | Biblioteca Tacna | Biblioteca Tacna | 16/04/2026 | 005.36A/G26 | BibZtacn26042615 | 16/04/2026 | 16/04/2026 | Libros |